| 000 | 01351nam a2200229Ia 4500 | ||
|---|---|---|---|
| 999 |
_c52205 _d52205 |
||
| 001 | 19213 | ||
| 003 | GE_BSU | ||
| 005 | 20210311144425.0 | ||
| 008 | 181216s2013||||ge |||||||||||||| ||geo|| | ||
| 040 | _cGE_BSU | ||
| 041 | _ageo | ||
| 080 | _a 94(479.22) კ-69 | ||
| 100 |
_aკოპალეიშვილი, ტატიანა _910414 |
||
| 245 |
_aპროტესტანტული ეკლესიები საქართველოში XIX საუკუნის 10-იან წლებამდე / _cტატიანა კოპალეიშვილი; მეცნ. ხელმძღვ. მ. პაპაშვილი; ბათუმის შოთა რუსთაველის სახ-ფო უნ-ტი. |
||
| 264 |
_aბათუმი : _bბათუმის შოთა რუსთაველის სახ. უნ-ტი, _c2013. |
||
| 300 |
_a168 გვ. ; _bილ., _c30 სმ. |
||
| 653 | _aდისერტაცია | ||
| 653 | _aისტორია | ||
| 653 | _aპროტესტანტული ეკლესიები საქართველოში XIX საუკუნის 10-იან წლებამდე | ||
| 700 |
_aპაპაშვილი, მ. _eმეცნ. ხელმძღვანელი _91714 |
||
| 942 |
_cBK _2udc |
||